| 000 | 00604nam a2200241Ia 4500 | ||
|---|---|---|---|
| 003 | 0100 | ||
| 008 | 130303s9999 xx 000 0 und d | ||
| 020 | _a0253204682 | ||
| 040 | _cARRUPELIB | ||
| 050 | _aB5310.M84 1988 | ||
| 100 | _aMudimbe, V. Y | ||
| 245 | 4 | _aThe invention of Africa | |
| 245 | _bgnosis, philosophy, and the order of knowledge | ||
| 260 | _aBloomington | ||
| 260 | _bIndiana University Press | ||
| 260 | _C1988 | ||
| 300 | _a241p. | ||
| 300 | _b 24cm. | ||
| 440 | _aAfrican systems of thought | ||
| 650 | _aPHILOSOPHY | ||
| 650 | _bPhilosophy of mind | ||
| 942 | 0 | 0 | _020 |
| 999 |
_c21787 _d21787 |
||